The adventures of robinson crusoe / (Record no. 136199)

MARC details
000 -LEADER
fixed length control field 00771nam a22002297a 4500
010 ## - LIBRARY OF CONGRESS CONTROL NUMBER
LC control number A-818986
035 ## - SYSTEM CONTROL NUMBER
System control number A-818986
037 ## - SOURCE OF ACQUISITION
Stock number Cen Lib/Ret
040 ## - CATALOGING SOURCE
Original cataloging agency DPL
Language of cataloging EN
082 ## - DEWEY DECIMAL CLASSIFICATION NUMBER
Classification number S
Item number DEF
100 ## - MAIN ENTRY--PERSONAL NAME
Personal name Defoe, Daniel
9 (RLIN) 30221
245 ## - TITLE STATEMENT
Title The adventures of robinson crusoe /
Statement of responsibility, etc by Daniel Defoe ; edited by Malvina G. Vogel
260 ## - PUBLICATION, DISTRIBUTION, ETC. (IMPRINT)
Place of publication, distribution, etc New York ;
Name of publisher, distributor, etc Baronet Books,
Date of publication, distribution, etc 1992
270 ## - ADDRESS
Address Waldman Publishing Corp
City New York
300 ## - PHYSICAL DESCRIPTION
Extent 230p
Other physical details 24cm(Hb)
490 ## - SERIES STATEMENT
Series statement Great illustrated classics (New York, N.Y.)
650 ## - SUBJECT ADDED ENTRY--TOPICAL TERM
Topical term or geographic name as entry element Crusoe, Robinson (Fictitious character) -- Fiction.
9 (RLIN) 114018
650 ## - SUBJECT ADDED ENTRY--TOPICAL TERM
Topical term or geographic name as entry element Shipwrecks -- Juvenile fiction.
9 (RLIN) 114019
650 ## - SUBJECT ADDED ENTRY--TOPICAL TERM
Topical term or geographic name as entry element Castaways -- Juvenile fiction.
9 (RLIN) 114020
700 ## - ADDED ENTRY--PERSONAL NAME
Personal name Vogel, Malvina G.
9 (RLIN) 30097
942 ## - ADDED ENTRY ELEMENTS (KOHA)
Source of classification or shelving scheme Dewey Decimal Classification
Koha item type English Books
Classification part S
Call number suffix DEF
Holdings
Withdrawn status Lost status Damaged status Not for loan Home library Current library Date acquired Source of acquisition Total Checkouts Full call number Barcode Date last seen Copy number Price effective from Koha item type Public note
Written off       Central Library Central Library 28/12/2015 Cen Lib/Ret   S DEF A-818986 28/12/2015 1 28/12/2015 English Books W/d List No. 6864/23 ; dtd 08/08/2020

© Delhi Public Library
Hit Counter
free hit counter